000 00812nam a2200229 i 4500
001 105575
003 ES-MaACL
005 20250716063253.0
007 t|
008 060726s1965 fr ||||1| fre d
080 _a651.37(44)"1945/1970"
080 _a368.032.1(44)"1945/1970"
100 1 _aCrozier, Michel,
_d1922-2013
_941759
245 1 3 _aLe monde des employés de bureau
_b: résultats d'une enquête menée dans sept compagnies d'assurances parisiennes /
_cMichel Crozier.
260 _aParis :
_bSeuil,
_c[1965]
300 _a237 p. ;
_c21 cm.
500 _aBiblioteca Juan Andrade.
650 1 4 _aEmpleados de oficina-
_zFrancia-
_y1945-1970.
_912201
650 _aEntidades de seguros-
_xPersonal-
_zFrancia.
_912323
852 _aES-MaACL
_jAND-388
_bR.109692
999 _c105575
_d105575